000 01594cam0 2200361 ib4500
001 BY-BR0015-br183869
005 20260320142158.0
010 ^a978-5-00161-143-1
^d6,47р.
100 ^a20251215d2025 acdy0rusy50 ca
101 0 ^arus
102 ^aRU
105 ^aa z 000ay
109 ^ama
200 1 ^aБелый клык
^e[повесть]
^fДжек Лондон
^gхудожественно-литературный пересказ Марка Тарловского
^gхудожник Анна Ковальчук
210 ^aМосква
^cАлтей
^d2025
215 ^a79, [1] с.
^cцв. ил.
^d23 см
333 ^a7+
345 ^93000 экз. (дополнительный тираж)
606 ^aЗАРУБЕЖНАЯ ЛИТЕРАТУРА
^3BY-NLB-ar10779
^2DVNLB
608 ^aДЕТСКАЯ И ЮНОШЕСКАЯ ЛИТЕРАТУРА (художеств. произведение)
^3BY-NLB-ar9019
^2BYGNR
608 ^aПОВЕСТЬ
^3BY-NLB-ar23936
^2BYGNR
686 ^a84(7Сое)-44
^2rubbk
690 ^a1
^2Base
^9BY-MI0011
^xRSEK
700 1 ^aЛондон
^bД.
^gДжек
^cписатель
^f1876—1916
^3BY-NLB-ar99565
702 1 ^aТарловский
^bМ. А.
^gМарк Ариевич
^cписатель
^cпереводчик
^f1902—1952
^3BY-SEK-ar5674265
^4570
702 1 ^aКовальчук
^bА.
^gАнна
^4440
801 0 ^aBY
^bBY-BR0015
^c20251215
^gRCR
801 2 ^aBY
^bBY-MI0011
^c20260319
^gRCR
035 ^a(BY-MI0011)BY-BR0015-br183869
899 0 ^aBY-MI0011
^iЛ76
^h84(4/8)